[Event "Baltic Zonal 2018"]
[Site "Tallinn"]
[Date "2018.05.18"]
[Round "7"]
[White "Kulaots, Kaido"]
[Black "Laurusas, Tomas"]
[Result "0-1"]
[WhiteElo "2590"]
[BlackElo "2428"]
[Annotator "TA"]
[PlyCount "124"]
[EventDate "2018.??.??"]
[EventType "swiss"]
[EventCountry "EST"]
[SourceTitle "playchess.com"]
[Source "ChessBase"]
[SourceQuality "1"]

{[%evp 18,124,108,37,81,61,81,90,122,130,111,97,89,52,67,54,77,60,89,68,56,39,29,26,48,0,0,0,0,0,26,30,14,0,0,0,0,0,0,7,2,0,13,0,0,0,0,0,0,0,0,0,0,2,2,4,4,4,8,0,21,0,8,8,4,6,8,2,4,2,21,2,12,13,21,21,21,21,28,4,8,-69,-74,-161,-150,-175,-167,-176,-166,-177,-174,-165,-174,-165,-152,-538,-521,-663,-525,-591,-591,-591,-591,-591,-591,-591,-591,-591,-591]} 1. e4 c5 2. Nf3 e6 3. d4 cxd4 4. Nxd4 a6 5. c4 Nf6 6. Nc3 Qc7 7. Be2 Bb4 8. O-O O-O {B41: Sicilian: Kan Variation: 5 c4} 9. Bg5 (9. Qd3 d6 10. Bd2 Nc6 11. Nb3 b6 12. Rac1 Bc5 13. Bg5 Bb7 14. Qg3 Kh8 15. Rfd1 Ne5 16. Nxc5 bxc5 {0-1 (34) Naiditsch,A (2705)-Artemiev,V (2691) Riadh 2017}) 9... Nc6 {[#]} 10. Qd3 {LiveBook: 11 Games} (10. Bxf6 $1 $16 {aiming for Bg5.} gxf6 11. Qd2) 10... Ne5 $146 {White is slightly better.} ({Predecessor:} 10... Be7 11. Nxc6 dxc6 12. f4 e5 13. Qg3 Ne8 14. Bxe7 Qxe7 15. fxe5 {0-1 (44) Danov,L (2334)-Nikolov,M (2560) Primorsko 2017}) 11. Qg3 {And now Bxf6 would win.} Kh8 12. Rad1 d6 13. Bxf6 gxf6 14. Qh4 Qd8 15. f4 Ng6 16. Qh6 Bd7 17. Kh1 Rc8 18. Rd3 {[#] White wants to mate with Rh3.} Rg8 $1 19. Rh3 {[%csl Gh3][%cal Rh6h7]} Rg7 $1 20. f5 Ne5 21. fxe6 (21. Rf4 {is interesting.} Bc5 22. Nc2 Bb6 23. Rfh4 Qg8 24. a4) 21... fxe6 22. Qxf6 ({But not} 22. Rxf6 Nf7 $17) 22... Qxf6 23. Rxf6 Rf7 (23... Nxc4 {with more complications.} 24. Bxc4 Rxc4 25. Rf8+ Rg8 26. Rf7 Rg7) 24. Rxf7 Nxf7 25. Nc2 Ba5 26. Rd3 Be8 27. Rd1 Kg7 28. Nd4 Bd7 29. Nb1 Kf6 30. Nd2 Ne5 31. b3 Ke7 32. h3 Rf8 33. N2f3 Rf4 34. c5 {cxd6+ is the strong threat.} Bb4 35. cxd6+ Bxd6 36. Nxe5 Bxe5 37. Nf3 Bc7 38. Bd3 h6 39. Kg1 Bb6+ 40. Kf1 Bc6 41. Re1 Kd6 42. Re2 h5 43. Ke1 h4 44. Kd2 Ba5+ 45. Kc2 e5 46. a3 b5 47. b4 Bb6 48. Kd2 Bd7 49. Ne1 (49. Re1 $11) 49... Be8 $1 $15 50. Nf3 (50. Kc1 $17) 50... Bh5 $19 51. Kc2 Bxf3 52. gxf3 Rxf3 {[%mdl 4096] Endgame KRB-KRB} 53. Rg2 Rxh3 54. Rg6+ Kc7 55. Rg7+ Kd8 56. a4 $2 (56. Rh7 $17 {is tougher.}) 56... bxa4 {[%cal Bb5a4,Ba4a3,Ba3a2][%mdl 32] Black is clearly winning.} 57. Bxa6 a3 {Threatens to win with ...a2.} 58. Bc4 Rh2+ 59. Kb3 a2 60. Rg8+ Ke7 61. Ra8 h3 62. Bf1 Rh1 {Precision: White = 50%, Black = 60%.} 0-1

[Event "Baltic Zonal 2018"]
[Site "Tallinn"]
[Date "2018.05.18"]
[Round "7"]
[White "Neiksans, Arturs"]
[Black "Kovalenko, Igor"]
[Result "0-1"]
[WhiteElo "2573"]
[BlackElo "2626"]
[Annotator "TA"]
[PlyCount "170"]
[EventDate "2018.??.??"]
[EventType "swiss"]
[EventCountry "EST"]
[SourceTitle "playchess.com"]
[Source "ChessBase"]
[SourceQuality "1"]

{[%evp 19,170,16,26,7,12,19,27,0,0,-10,-7,-23,0,0,0,-17,0,-15,0,0,0,-7,0,-13,-9,-12,0,-20,16,-14,-12,-21,-20,-61,-52,-52,-60,-105,-95,-94,-108,-124,-99,-146,-87,-157,-118,-110,-114,-108,-79,-76,-84,-83,-85,-92,-95,-99,-109,-535,-512,-475,-30,-423,0,0,0,0,0,-17,-12,-104,-103,-272,-272,-272,-272,-272,-272,-272,-272,-272,-272,-276,-135,-131,-110,-220,-218,-217,-191,-187,-184,-341,-323,-352,-352,-345,-345,-352,-352,-335,-327,-301,-308,-876,-694,-1091,-1056,-853,-816,-650,-617,-1056,-705,-29965,-1329,-5672,-5574,-5907,-2992,-1662,-1450,-5887,-5536,-29936,-12695,-12474,-12639,-11087,-11087,-6674,-6121,-29966,-29969,-29971,-29972,-29972,-29971,-29968,-29972,-29969,-29972,-29972,-29972,-29969,-4922,-29973,-29975,-29966,-29947,-5840,-5642]} 1. Nf3 Nf6 2. g3 g6 3. Bg2 Bg7 4. c4 O-O 5. O-O d6 6. d4 {[%cal Bd2d4,Bd4d5][%mdl 32]} Nc6 7. Nc3 a6 8. b3 Rb8 9. d5 Na5 {E63: King's Indian: Fianchetto: Panno Variation with 7...a6} 10. Nd4 (10. Bd2 c5 11. dxc6 Nxc6 12. Qc1 Bd7 13. Bh6 b5 14. Bxg7 Kxg7 15. cxb5 axb5 16. Qb2 Kg8 17. b4 Qb6 18. Rfd1 Rfc8 {½-½ (77) Inarkiev,E (2689)-Zhao,J (2604) Riadh 2017}) 10... Bd7 {LiveBook: 20 Games} 11. Qd3 c5 {The position is equal.} 12. dxc6 bxc6 13. Bd2 $146 ({Predecessor:} 13. Bb2 c5 14. Nc2 Nc6 15. Ne3 Qc8 16. Rfe1 Bh3 17. Bh1 {1-0 (52) Platzgummer,F (2340)-Wyss,J (2253) Chur 2010}) 13... c5 14. Nc2 Nc6 {White must now prevent ...Ne5.} 15. Ne3 Nd4 (15... Nb4 $5 16. Qb1 $8 Qc8 $11) 16. Rac1 Re8 17. Ned5 Nxd5 18. Bxd5 Bg4 19. Bg2 Qc8 20. f4 a5 21. e3 Nc6 22. Be1 Bf5 23. Qd2 Rb7 24. Bf2 Bxc3 25. Rxc3 Bh3 26. e4 Bxg2 27. Kxg2 a4 28. e5 dxe5 29. Bxc5 Rd8 30. Qf2 Rbd7 31. Be3 f5 ({Better is} 31... Rd3 32. Rxd3 Rxd3) 32. Rb1 ({White should play} 32. bxa4 Qa8 33. fxe5) 32... exf4 33. Bxf4 e5 34. Bg5 Rd1 35. Rxd1 Rxd1 36. Qe2 Qd7 37. Be3 Nb4 {aiming for ...Ra1.} 38. c5 {Strongly threatening c6!} Nd5 39. Rc2 $2 {[%mdl 8192]} (39. Qc4 $17) 39... Qc6 40. Kh3 axb3 $2 (40... f4 $1 $19 41. Bc1 Rg1 42. Qxe5 Qd7+ 43. Kh4 axb3 44. axb3 h6) 41. axb3 $2 {[%mdl 8192]} (41. Rb2 $1 $11 Nxe3 42. Qxe3 bxa2 43. Rxa2) 41... Rb1 $2 (41... f4 $1 $19 42. Bc1 Rg1 43. Qxe5 fxg3) 42. Bh6 $11 g5 $1 (42... Rxb3 $2 43. Qxe5 Rb7 44. Rd2 $18) 43. Bxg5 f4 $1 44. Rd2 Ne3 $1 45. Qh5 {[#]} (45. Rd8+ $2 Kg7 $17) (45. Kh4 $1 $11 {remains equal.} Rxb3 46. Qh5 (46. gxf4 $2 Nf5+ 47. Kg4 Qe6 $19) 46... Nf5+ 47. Kh3 fxg3 48. Rd8+ Kg7 49. Be3) 45... Rd1 $1 $40 {[%cal Rd1d2][%mdl 640] Black attacks with force.} 46. Ra2 $2 (46. Rf2 $17) (46. Rxd1 Qg2+) 46... Rd3 $19 47. Bxf4 Qc8+ ({Weaker is} 47... exf4 48. Qg5+ Kf8 49. Qxf4+ Ke8 50. Qa4 $15) 48. Kh4 Nf5+ ({Inferior is} 48... exf4 49. Qg5+ Kh8 50. Qf6+ Kg8 51. Qg5+ Kh8 52. Qf6+ Kg8 53. Qg5+ $11) 49. Kh3 {Hoping for Qg4+.} exf4 50. Qg4+ Kh8 51. Rf2 Qe6 ({Resist} 51... Qxc5 52. Rxf4 Ne3 53. Qe6 $17) (51... f3 $19 {has better winning chances.} 52. Rxf3 Rd5) 52. Qxf4 $17 Nxg3+ 53. Kh4 {[#]} (53. Kg2 $17 Ne4 54. Qf8+ Qg8+ 55. Qxg8+ Kxg8 56. Rc2) 53... Qe7+ $1 $19 54. Qf6+ Qxf6+ 55. Rxf6 {[%mdl 4096] Endgame KRN-KR} Ne4 56. Rc6 $2 (56. Rb6 {was worth a try.}) 56... Rxb3 57. Rc7 Rc3 58. c6 Rc5 59. Re7 Nf6 60. Rc7 Kg8 61. Kg3 Rc3+ 62. Kh4 $2 (62. Kf2) 62... h6 63. Rc8+ Kg7 64. Rc7+ Kg6 65. Rc8 h5 66. h3 Kh6 67. Rc7 Ne8 (67... Nd5 $142 68. Rc8 Ne7 69. Rh8+ Kg6 70. Rxh5 Rc4+ 71. Kg3 Kxh5 72. Kf3 Nxc6 73. Ke3 Kh4 74. Ke2 Kxh3 75. Kd3 Ne5+ 76. Kd2 Kh2 77. Ke3 Kg3 78. Ke2 Kg2 79. Ke3 Kf1 80. Kd2 Kf2 81. Kd1 Ke3 82. Ke1 Rc1#) 68. Re7 Ng7 {[%cal Rg7f5]} 69. Re5 Rxc6 70. Ra5 Kg6 71. Rg5+ Kf6 {( -> ...Rc4+)} 72. Ra5 Rc4+ 73. Kg3 Nf5+ 74. Kf3 Kg5 75. Rb5 Rf4+ 76. Kg2 Kh4 77. Re5 Nd6 78. Rd5 Nc4 79. Rd3 Ne5 80. Re3 Nf7 81. Ra3 Ng5 82. Rb3 Rc4 (82... Re4 $142 83. Rb1 Nxh3 84. Rb3 Ng5 85. Kh1 Kg4 86. Rb2 h4 87. Rg2+ Kh5 88. Rb2 h3 89. Rb7 Kg4 90. Rg7 Kh4 91. Kg1 Rg4+ 92. Kh1 Ra4 93. Kg1 Ra1+ 94. Kf2 h2 95. Rg8 Nh3+ 96. Ke3 h1=Q 97. Rh8+ Kg5 98. Rg8+ Kf5 99. Rf8+ Kg6 100. Rg8+ Kf7 101. Rg4 Qe1+ 102. Kd3 Nf2+ 103. Kd4 Qb4+ 104. Kd5 Ra5+ 105. Kc6 Nxg4 106. Kc7 Rc5+ 107. Kd8 Qd4#) 83. Ra3 Rc2+ 84. Kh1 Rf2 85. Kg1 Rf3 {Precision: White = 19%, Black = 69%.} 0-1

[Event "Baltic Zonal 2018"]
[Site "Tallinn"]
[Date "2018.05.18"]
[Round "7"]
[White "Rozentalis, Eduardas"]
[Black "Starostits, Ilmars"]
[Result "1-0"]
[WhiteElo "2523"]
[BlackElo "2444"]
[Annotator "TA"]
[PlyCount "75"]
[EventDate "2018.??.??"]
[EventType "swiss"]
[EventCountry "EST"]
[SourceTitle "playchess.com"]
[Source "ChessBase"]
[SourceQuality "1"]

{[%evp 9,75,0,8,0,0,-21,-19,-13,-6,-21,1,2,48,-19,53,41,58,51,69,0,45,39,208,203,215,214,270,271,454,448,452,468,466,467,449,463,440,427,668,668,663,657,635,627,612,558,548,546,553,547,553,548,603,577,733,689,655,639,720,712,899,894,862,863,1065,1025,1056,1072]} 1. e4 d5 2. exd5 Qxd5 3. Nc3 Qd6 4. Nf3 Nf6 5. b3 (5. h3 g6 6. Bc4 Bg7 7. d3 O-O 8. O-O a6 9. a4 c5 10. Re1 Nc6 11. Ne4 Nxe4 12. dxe4 Nd4 {1-0 (53) Anton Guijarro,D (2627)-Vakhidov,J (2578) Almaty 2016}) 5... Nc6 6. Bb2 {B01: Scandinavian Defence} a6 7. Be2 Bf5 8. O-O $146 {[%cal Be1g1,Bg1f2,Bf2f1][%mdl 32] The position is equal.} ({Predecessor:} 8. d3 e5 9. Nd2 O-O-O 10. Bf3 Nd4 11. O-O Qc5 12. h3 Bd6 {1-0 (21) Molina Peris,C (1859)-Subirachs Mancebo,G (2021) Barcelona 2007}) 8... O-O-O 9. d3 h6 10. Re1 Ng4 11. Nb1 ({Better is} 11. h3 $14 Nf6 12. Nd2) 11... e5 (11... h5 $11) 12. Nh4 $1 $36 {[%csl LRf5,LRg4][%mdl 2048] White has good play.} Nxf2 $1 13. Kxf2 Be6 14. Nd2 (14. Bf3 $14) 14... Qc5+ 15. Kf1 $1 {Threatens to win with Bg4.} Be7 $2 (15... g5 $1 $14) 16. Nhf3 $18 f5 {[#]} 17. d4 $1 {[%cal Rd4c5]} exd4 {[#]} (17... Nxd4 18. Nxd4) 18. Bxa6 $1 {[%mdl 512]} bxa6 $2 (18... Bg8 {was called for.}) 19. Rxe6 {White is clearly winning.} Bf6 20. Nc4 Rhe8 21. Qe2 Rxe6 22. Qxe6+ Kb7 23. Re1 d3 (23... Qd5 $142 24. Qxd5 Rxd5) 24. Bxf6 gxf6 25. cxd3 Rxd3 26. Qxf6 Nb4 27. Qe7 Qxe7 28. Rxe7 Nxa2 29. Rh7 Nc1 30. Nfd2 f4 31. Rxh6 f3 32. gxf3 Ka7 33. b4 Na2 34. Rh7 Kb8 35. h4 {[%cal Bh2h4,Bh4h5,Bh5h6][%mdl 32]} Nxb4 36. h5 a5 37. h6 Rd5 38. Rg7 {Precision: White = 49%, Black = 35%.} 1-0

[Event "Baltic Zonal 2018"]
[Site "Tallinn"]
[Date "2018.05.18"]
[Round "7"]
[White "Ladva, Ottomar"]
[Black "Seeman, Tarvo"]
[Result "1/2-1/2"]
[WhiteElo "2517"]
[BlackElo "2426"]
[Annotator "TA"]
[PlyCount "161"]
[EventDate "2018.??.??"]
[EventType "swiss"]
[EventCountry "EST"]
[SourceTitle "playchess.com"]
[Source "ChessBase"]
[SourceQuality "1"]

{[%evp 20,161,0,0,0,-13,-8,-51,-36,-83,-76,-76,-8,-8,-12,-8,-7,-4,-9,-6,0,-2,-12,-17,-14,0,0,-50,0,-16,-18,-106,-111,-81,-10,-13,-12,-97,-89,-61,-8,-8,-8,-8,-14,-42,-36,-111,-106,-138,-131,-170,-183,-175,-73,-73,-66,-99,-55,-129,-134,-119,-80,-131,-160,-169,-169,-163,-161,-185,-179,-183,-181,-297,-290,-352,-291,-290,-254,-996,-937,-859,-654,-1134,-631,-29961,-29963,-9822,-29944,-29943,-29939,-29953,-29953,-6114,-1622,-8239,-7289,-798,-160,-160,-160,-160,-160,-160,0,0,0,0,0,-29967,-29968,-29968,-29969,-29968,-29970,-29970,-29969,-29969,-29970,-29970,-29970,-29970,-29971,-29969,-29971,-29970,0,0,0,0,0,0,0,0,0,0,0,0,0,0,0,0,0,0]} 1. Nf3 Nf6 {[%cal Bg8f6,Bf6e4,Be4d2][%mdl 32]} 2. g3 g6 3. b3 Bg7 4. Bb2 d6 5. d4 c5 6. c4 Ne4 7. Nbd2 {A49: 1 d4 Nf6 2 Nf3 g6 3 g3: Anti-King's Indian systems} Qa5 8. Qc1 Nxd2 9. Qxd2 Qxd2+ 10. Kxd2 Nc6 11. e3 {LiveBook: 7 Games} O-O (11... Bg4 12. Bg2 O-O-O 13. Kc1 Nb4 14. Rd1 cxd4 15. Bxd4 Bxd4 16. Rxd4 {½-½ (46) Sjugirov,S (2650)-Amin,B (2689) Riadh 2017}) 12. Bg2 Bg4 13. Rhe1 $146 ({Predecessor:} 13. Rae1 e5 14. d5 Ne7 15. Ng5 Rad8 {½-½ (53) Manafov,V (2263)-Shevchenko,K (2545) Batumi 2018}) 13... Rab8 14. Rab1 Bf5 $1 15. e4 Bg4 (15... Bh6+ $1 $17 16. Kc3 Bg4) 16. d5 $11 Bxf3 17. Bxf3 Bxb2 18. Rxb2 Nd4 19. Be2 a5 20. a3 e5 21. b4 axb4 22. axb4 b6 23. f4 f6 24. Reb1 Ra8 25. Bd1 (25. bxc5 $11 {remains equal.} bxc5 26. Bd3) 25... exf4 $17 26. gxf4 g5 (26... Rfe8 $17) 27. bxc5 $11 bxc5 28. Bg4 (28. fxg5 $1 $11 {keeps the balance.} fxg5 29. e5) 28... gxf4 29. Rf1 Rfb8 ({Black should try} 29... f5 $15 30. exf5 h5 31. Bxh5 Rxf5) 30. Rxb8+ Rxb8 31. Rxf4 {[%mdl 4096] Endgame KRB-KRN} Kg7 32. Rf2 Rb4 33. Ke3 (33. Kd3 $15) 33... Rxc4 $17 34. Ra2 {[#]} f5 $1 {[%mdl 512]} 35. Kd3 (35. exf5 Nc2+) 35... Rb4 36. exf5 h5 (36... Kf6 $19 37. Ra6 Nb5) 37. Bxh5 Nxf5 38. Kc3 Rf4 39. Ra6 (39. Re2 $15) 39... Kf6 40. Ra8 Ke5 41. Re8+ ({White should play} 41. Rf8) 41... Kxd5 42. Bf7+ Kc6 43. Rc8+ Kd7 44. Ra8 Ke7 45. Bd5 Rh4 46. Ra7+ (46. Bg8 $142) 46... Kf6 $19 47. Bc6 Rxh2 48. Ra8 Ne7 49. Rf8+ $2 (49. Rd8) 49... Kg7 50. Rd8 Nxc6 51. Rxd6 {KRN-KR} Na5 52. Rb6 {and the idea Rb5 leaves White hopeful.} Rh3+ 53. Kc2 Ra3 54. Rb5 c4 55. Rc5 Kf6 56. Kb2 Ra4 57. Kc3 Ke6 58. Rh5 Ra3+ $2 (58... Nb7 $19 59. Kd4 Kd7) 59. Kb4 $17 Ra1 {...Kd6 is the strong threat.} 60. Rg5 Kd6 {White must now prevent ...Kd7.} 61. Rg8 Rb1+ $2 (61... Ke5 $17 62. Rg5+ Kd4 63. Rg4+ Ke3 64. Rg3+ Kd4 65. Rg4+ Ke3) 62. Kxa5 $11 {KR-KR} Kc5 {[%cal Rb1a1]} 63. Rg5+ Kd4 {Strongly threatening ...c3.} 64. Ka4 $2 {[%mdl 8192]} (64. Rg4+ $11 Kd3 65. Rg3+ Kd2 66. Rg2+ Kc3 67. Rg3+ Kc2 68. Ka4) 64... c3 $1 {[%cal Rc3c2]} 65. Rg4+ Kd3 66. Rg3+ {[#]} Kd2 $1 67. Rg2+ Kd1 68. Rg1+ Kc2 69. Rg2+ {[#]} Kc1 $1 70. Ka3 c2 71. Ka2 Rb2+ 72. Ka1 Rb8 $2 (72... Rb3 {mates} 73. Rg1+ Kd2 74. Rg2+ Kc3 75. Rg3+ Kd4 76. Rg4+ Kc3 77. Rg3+ Kc4 78. Rg4+ Kc3 79. Rg3+) 73. Rg1+ $1 {The position is equal.} Kd2 {( -> ...Rg8!)} 74. Rg2+ Kd3 (74... Kc3 $2 75. Rg3+ Kd4 76. Rg4+ Ke3 77. Rg1 $19) 75. Rg3+ Ke4 76. Rg1 $1 Ke3 77. Ka2 Kd2 78. Rg2+ Kc3 {[%cal Rb8a8]} (78... Kd1 $5 79. Rg1+ $8 Ke2 $11) 79. Rg3+ Kd4 (79... Kd2 $5 80. Rg2+ $8 Kc3 81. Rg3+ Kc4 82. Rg4+ Kd5 83. Rg5+ Kd4 84. Rg4+ Kd5 85. Rg5+ Kc4 86. Rg4+ Kc5 $15) 80. Rg4+ $1 Ke3 (80... Kc3 $5 81. Rg3+ $8 Kc4 82. Rg4+ Kd3 83. Rg3+ Kd4 84. Rg4+ Kd5 85. Rg5+ Kd4 86. Rg4+ $11) 81. Rg3+ {Precision: White = 42%, Black = 61%.} 1/2-1/2

[Event "Baltic Zonal 2018"]
[Site "Tallinn"]
[Date "2018.05.18"]
[Round "7"]
[White "Meskovs, Nikita"]
[Black "Kanep, Meelis"]
[Result "0-1"]
[WhiteElo "2510"]
[BlackElo "2452"]
[Annotator "TA"]
[PlyCount "82"]
[EventDate "2018.??.??"]
[EventType "swiss"]
[EventCountry "EST"]
[SourceTitle "playchess.com"]
[Source "ChessBase"]
[SourceQuality "1"]

{[%evp 9,82,18,22,-6,30,-8,0,-6,0,-6,2,0,0,-1,26,-145,37,0,8,-64,-26,-33,-26,-17,-30,-29,0,-16,0,0,0,0,0,0,0,-16,11,-16,-18,-14,-6,-20,0,0,1,0,29969,29970,29970,29971,29971,29972,6675,6378,5397,5397,5397,-146,-142,-282,-263,-330,-321,-368,-329,-350,-332,-486,-490,-1360,-1344,-1498,-1472,-6170,-5293]} 1. e4 c5 2. Nc3 d6 3. d4 cxd4 4. Qxd4 e5 (4... Nc6 5. Qd2 Nf6 6. b3 e6 7. Bb2 a6 8. O-O-O b5 9. f3 h5 10. Nh3 Be7 11. Ng5 {1-0 (31) Carlsen,M (2843)-Wojtaszek,R (2744) Shamkir 2018}) 5. Qd2 $146 ({Vorgänger:} 5. Qd3 Nc6 6. Nd5 Be6 7. Ne2 Bxd5 8. exd5 Nb8 9. Qb5+ Qd7 10. Nc3 Nf6 11. Qa5 {0-1 (41) Bertholee,R (2344)-Bangiev,A (2400) Germany 2014}) 5... Nf6 6. b3 {B23: Sizilianisch (Geschlossenes System)} Nbd7 7. g3 Nc5 8. Bg2 {Die Stellung ist ausgeglichen.} Be7 9. Nge2 Bd7 10. Bb2 Bc6 {[%cal Rc5e4]} 11. f3 Qb6 12. Nd1 $2 ({Lieber} 12. O-O-O $11) 12... O-O $2 (12... d5 $17 {[%cal Rd5e4]} 13. exd5 Nxd5 14. Bxe5 Ne6) 13. c4 a5 14. Bc3 ({Günstiger ist} 14. Ba3 $11) 14... Qa6 15. Ne3 {Mit der Idee Sf5.} Rfd8 16. O-O b5 17. Rae1 bxc4 18. bxc4 Bf8 19. Ba1 g6 20. Nc3 Bh6 21. Rf2 Rab8 22. Qe2 Ne6 {[#]} 23. f4 $1 {[%mdl 512]} exf4 24. Ncd5 $1 {[%cal Rd5f6]} Bxd5 $1 ({Bitte nicht} 24... fxe3 $6 25. Nxf6+ Kh8 26. Ng4+ Bg7 27. Bxg7+ Nxg7 28. Rxf7 $16) 25. exd5 {[%cal Be4d5,Bd5e6,Be6f7][%mdl 32]} fxe3 26. dxe6 exf2+ 27. Qxf2 Bg7 $2 {[%mdl 8192]} ({Falsch wäre} 27... Bg5 $2 28. exf7+ Kf8 29. Bxf6 $18) (27... fxe6 $11 28. Qxf6 Qa7+ 29. Bd4 Qg7 30. Qxe6+ Qf7 31. Qxf7+ Kxf7) 28. exf7+ Kf8 29. Bxf6 Bxf6 30. Qxf6 Qa7+ 31. Kh1 {Weiss droht Dh8+ und Matt.} Qxf7 32. Qh8+ Qg8 33. Qd4 $2 ({Weiss kommt nicht vorbei an} 33. Rf1+ $18 Ke7 34. Qd4) 33... Qg7 $17 34. Qd5 {[#]} (34. Qd2 $17 {ist eine bessere Verteidigung.} Kg8 35. Qxa5) 34... Qc3 $1 $19 {[%cal Rc3e1]} 35. Qe6 Kg7 36. Rf1 Kh8 37. Qe7 Qe5 ({Bloß nicht} 37... Qxc4 38. h4 $19) 38. Qa7 (38. Qxe5+ $142 dxe5 39. Rc1) 38... Rf8 {Schwarz steht klar auf Gewinn.} 39. Rd1 (39. Rxf8+ $142 Rxf8 40. Qg1) 39... Rb2 40. Rg1 Rxa2 41. Qc7 Ra1 {Precision: Weiß = 24%, Schwarz = 50%.} 0-1

[Event "Baltic Zonal 2018"]
[Site "Tallinn"]
[Date "2018.05.18"]
[Round "7"]
[White "Miezis, Normunds"]
[Black "Sulskis, Sarunas"]
[Result "1-0"]
[WhiteElo "2456"]
[BlackElo "2503"]
[Annotator "TA"]
[PlyCount "99"]
[EventDate "2018.??.??"]
[EventType "swiss"]
[EventCountry "EST"]
[SourceTitle "playchess.com"]
[Source "ChessBase"]
[SourceQuality "1"]

{[%evp 20,99,0,0,13,0,17,0,3,2,7,0,10,0,28,0,29,27,72,33,42,33,64,41,47,48,81,80,236,100,137,156,167,171,241,239,232,145,140,88,93,93,200,195,188,194,249,212,294,317,302,304,300,264,325,204,246,67,83,89,117,20,20,20,21,16,91,81,108,77,104,33,85,10,1232,954,29981,29982,29982,29982,29983,29984]} 1. c4 e5 2. Nc3 Nf6 3. Nf3 Nc6 4. g3 Bb4 5. Bg2 O-O 6. O-O e4 7. Ng5 Bxc3 8. bxc3 Re8 9. d3 exd3 10. exd3 d6 11. Rb1 {LiveBook: 16 Partien} Bg4 {A29: Englische Eröffnung (Vierspringer-Variante)} (11... h6 12. Ne4 Ne5 13. f3 Rb8 14. Be3 b6 15. Qd2 Nh7 16. g4 f5 17. gxf5 Bxf5 18. Rbe1 Qd7 19. Bd4 {0-1 (36) Danin,A (2519)-Gabrielian,A (2573) Voronezh 2012}) 12. f3 Bc8 $1 13. Ne4 h6 {Die Stellung ist ausgeglichen.} 14. f4 Nxe4 15. Bxe4 Rxe4 $146 ({Vorgänger:} 15... Qf6 16. f5 Ne5 17. Qc2 Rb8 18. Be3 b6 19. Qa4 {1-0 (43) Temirbayev,S (2450)-Fradkin,B (2385) Kurgan 1993}) 16. dxe4 b6 17. c5 Ba6 18. cxb6 Bxf1 19. b7 Rb8 $1 20. Qxf1 Qe7 21. Qd3 $36 {[%mdl 2048] Weiss hat gut koordiniertes Spiel.} Nd8 22. Be3 a6 23. Kf2 c6 $2 (23... Qe8 $16 {war angesagt.}) 24. Kf3 (24. Qxa6 $18 {ist viel giftiger. Droht stark Da8.} Kh7 25. Kf3) 24... Rxb7 25. Rxb7 Nxb7 26. Qxa6 d5 (26... Qd7 {ist wohl besser.} 27. a4 Nc5 28. Bxc5 dxc5) 27. e5 $18 ({Nicht} 27. Qxc6 Qxe4+ 28. Kf2 Qc2+ 29. Kg1 Qb1+ 30. Kg2 Qe4+ 31. Kh3 Qxe3 $11) 27... Qd7 28. Qa7 c5 29. Qa8+ (29. Bxc5 $142 Nxc5 30. Qxc5) 29... Kh7 $16 30. Qa6 h5 (30... Kg8 $16) 31. a4 $18 g6 {beabsichtigt ...d4.} 32. Qb5 Qc7 (32... Qg4+ $142 33. Kg2 Nd8) 33. h3 Qc8 34. g4 d4 35. cxd4 cxd4 36. Bxd4 Qc1 37. Kg3 Nd8 38. gxh5 $2 (38. Qd7 $18 Qe1+ 39. Bf2 h4+ 40. Kg2 Qe4+ 41. Kg1 Qb1+ 42. Kh2) 38... Ne6 $14 39. hxg6+ Kh6 40. Bf2 (40. Bb6 $1 $16 {Droht Db4 und aus.} Qxf4+ 41. Kg2 Qe4+ 42. Kf2 Kxg6 43. Qb3) 40... Qxf4+ $11 41. Kg2 {Schwarz muss nun gxf7 beachten.} Qe4+ 42. Kh2 Qf4+ (42... fxg6 $11 43. Qb3 Qxe5+ 44. Qg3 Qd5) 43. Kg1 {zielt auf gxf7 ab.} Qg5+ 44. Kh1 Qc1+ {[#]} 45. Bg1 ({Günstiger ist} 45. Kg2 $1 $16 Qg5+ 46. Kh1 Qc1+ 47. Bg1) 45... fxg6 {[#]} (45... Qa3 $14 46. Qe2 (46. gxf7 Qxh3+ 47. Bh2 Qf3+ 48. Kg1 Qe3+ 49. Kf1 Qh3+ 50. Kg1 Qe3+ 51. Kh1 Qf3+ 52. Kg1 Qe3+ $11) 46... Qxh3+ 47. Qh2 Qxh2+ 48. Kxh2 Kxg6) 46. Qb6 (46. Qd5 $1 $16 {[%cal Rd5e6]} Ng7 47. Qc5) 46... Ng5 $2 {[%mdl 8192]} (46... Nf4 $11) 47. h4 $18 Nf3 48. Qe3+ {Weiß setzt Matt.} Qxe3 49. Bxe3+ Kh7 50. e6 {Precision: Weiß = 46%, Schwarz = 39%.} 1-0